| 000 | 00738cam a22002413a 4500 | ||
|---|---|---|---|
| 001 | 40986 | ||
| 003 | PGUSA | ||
| 005 | 20140828083924.0 | ||
| 008 | 121008s2012||||xxu|||||s|||||000 | eng d | ||
| 040 |
_aPGUSA _beng |
||
| 042 | _adc | ||
| 050 | 4 | _aPF | |
| 245 | 1 | 4 |
_aThe Oera Linda Book : _bFrom A Manuscript of the Thirteenth Century _h[electronic resource] |
| 260 |
_bProject Gutenberg, _c2012 |
||
| 500 | _aWikipedia: http://en.wikipedia.org/wiki/Oera_Linda | ||
| 506 | _aPublic domain in the USA. | ||
| 516 | _aElectronic text | ||
| 700 | 1 | _aSandbach, William R. | |
| 700 | 1 |
_aOttema, J. G. _q(Jan Gerhardus), _d1804-1879 |
|
| 830 | 0 |
_aProject Gutenberg _v40986 |
|
| 856 | 4 | 0 | _uhttp://www.gutenberg.org/ebooks/40986 |
| 942 | _cEB | ||
| 999 |
_c270238 _d270238 |
||